Core Java 2 (E-BOOK) (Record no. 191384)

000 -LEADER
fixed length control field 01226 a2200265 4500
003 - CONTROL NUMBER IDENTIFIER
control field Nust
005 - DATE AND TIME OF LATEST TRANSACTION
control field 20170207154015.0
010 ## - LIBRARY OF CONGRESS CONTROL NUMBER
LC control number 2004109876
020 ## - INTERNATIONAL STANDARD BOOK NUMBER
International Standard Book Number 0131482025
035 ## - SYSTEM CONTROL NUMBER
System control number (OCoLC)ocm56512026
040 ## - CATALOGING SOURCE
Transcribing agency Nust
082 04 - DEWEY DECIMAL CLASSIFICATION NUMBER
Classification number 005.133
100 1# - MAIN ENTRY--PERSONAL NAME
Personal name Horstmann, Cay S.,
245 10 - TITLE STATEMENT
Title Core Java 2 (E-BOOK)
Statement of responsibility, etc. Cay S. Horstmann, Gary Cornell.
246 3# - VARYING FORM OF TITLE
Title proper/short title Core Java two
250 ## - EDITION STATEMENT
Edition statement 7th ed.
260 ## - PUBLICATION, DISTRIBUTION, ETC.
Place of publication, distribution, etc. Santa Clara, Calif. :
Name of publisher, distributor, etc. Sun Microsystems Press,
Date of publication, distribution, etc. c2005.
300 ## - PHYSICAL DESCRIPTION
Extent 2 v. :
Other physical details ill. ;
Dimensions 24 cm.
440 #0 - SERIES STATEMENT/ADDED ENTRY--TITLE
Title Sun Microsystems Press Java series
500 ## - GENERAL NOTE
General note "J2SE 5.0"--Cover.
500 ## - GENERAL NOTE
General note Includes indexes.
505 0# - FORMATTED CONTENTS NOTE
Formatted contents note Chapter 1. An Introduction to Java, Chapter 2. The Java Programming Environment, Chapter 3. Fundamental Programming Structures in Java, Chapter 4. Objects and Classes, Chapter 5. Inheritance, Chapter 6. Interfaces and Inner Classes, Chapter 7. Graphics Programming, Chapter 8. Event Handling, Chapter 9. User Interface Components with Swing, Chapter 10. Deploying Applets and Applications, Chapter 11. Exceptions and Debugging, Chapter 12. Streams and Files, Chapter 13. Generic Programming,
650 #0 - SUBJECT ADDED ENTRY--TOPICAL TERM
Topical term or geographic name entry element Java (Computer program language)
700 1# - ADDED ENTRY--PERSONAL NAME
Personal name Cornell, Gary.
942 ## - ADDED ENTRY ELEMENTS (KOHA)
Source of classification or shelving scheme
Koha item type Book
Holdings
Withdrawn status Lost status Source of classification or shelving scheme Damaged status Not for loan Collection code Permanent Location Current Location Date acquired Total Checkouts Full call number Barcode Date last seen Price effective from Koha item type
            Military College of Signals (MCS) Military College of Signals (MCS) 12/12/2016   05.133 HOR MCSEB-111 12/08/2016 12/12/2016 Book
© 2023 Central Library, National University of Sciences and Technology. All Rights Reserved.